Giao thừa năm 2000 Những sắc màu thế kỉ

Gespeichert in:
Bibliographische Detailangaben
Format: Buch
Sprache:Undetermined
Veröffentlicht: Hà Nôi Thanh niên 1999
Schlagworte:
Tags: Tag hinzufügen
Keine Tags, Fügen Sie den ersten Tag hinzu!
Thư viện lưu trữ: Trung tâm Học liệu Trường Đại học Cần Thơ
LEADER 00424nam a2200157Ia 4500
001 CTU_39639
008 210402s9999 xx 000 0 und d
082 |a 602 
082 |b Gi108 
245 0 |a Giao thừa năm 2000 
245 0 |b Những sắc màu thế kỉ 
260 |a Hà Nôi 
260 |b Thanh niên 
260 |c 1999 
650 |a technology 
980 |a Trung tâm Học liệu Trường Đại học Cần Thơ